000 00602nam a2200193 a 4500
005 20240924070410.0
008 991125s1974 mx 000 0 spa u
035 _aUPN01000000727
049 _aCG
050 4 _aHG3881
_bA4.28
100 1 _aAmin, Samir,
_d1931-
_928537
245 1 3 _aLa acumulación a escala mundial :
_bcrítica de la teoría del subdesarrollo /
_cpor Samir Amin ; tr. de Rosalía Cortés.
260 _aMéxico :
_bSiglo XXI,
_c1974.
300 _a660 p.
440 0 _aEconomía
650 4 _aDesarrollo económico
_96460
650 4 _aFinanzas internacionales
_912047
905 _aLibro
999 _c727
_d727